Everything you ever needed to know about training : (Record no. 2100)

MARC details
000 -LEADER
fixed length control field 01031nam a2200253 a 4500
005 - DATE AND TIME OF LATEST TRANSACTION
control field 20260112063246.0
020 ## - INTERNATIONAL STANDARD BOOK NUMBER
International Standard Book Number 9780749453770
039 ## - LEVEL OF BIBLIOGRAPHIC CONTROL AND CODING DETAIL [OBSOLETE]
Level of rules in bibliographic description 202110271017
Level of effort used to assign nonsubject heading access points staff
Level of effort used to assign subject headings 201211190344
Level of effort used to assign classification staff
Level of effort used to assign subject headings 201002180125
Level of effort used to assign classification staff
-- 201002180123
-- staff
050 ## - LIBRARY OF CONGRESS CALL NUMBER
Classification number 658.3124
Item number THO
082 ## - DEWEY DECIMAL CLASSIFICATION NUMBER
Classification number 658.3124
Item number THO [ Shelf 50 ]
100 ## - MAIN ENTRY--PERSONAL NAME
Personal name Thorne, Kaye.
245 ## - TITLE STATEMENT
Title Everything you ever needed to know about training :
Remainder of title a one-stop shop for everyone interested in training, learning and development /
Statement of responsibility, etc. Kaye Thorne, David Mackey.
250 ## - EDITION STATEMENT
Edition statement 4th ed.
260 ## - PUBLICATION, DISTRIBUTION, ETC.
Place of publication, distribution, etc. London ;
-- Philadelphia :
Name of publisher, distributor, etc. Kogan Page,
Date of publication, distribution, etc. 2007.
300 ## - PHYSICAL DESCRIPTION
Extent xiv, 242 p. :
Other physical details ill. ;
Dimensions 24 cm.
504 ## - BIBLIOGRAPHY, ETC. NOTE
Bibliography, etc. note Includes bibliographical references (p. [235]-237) and index.
504 ## - BIBLIOGRAPHY, ETC. NOTE
Bibliography, etc. note Includes bibliographical references and index.
650 ## - SUBJECT ADDED ENTRY--TOPICAL TERM
Topical term or geographic name entry element Employees
General subdivision Training of.
650 ## - SUBJECT ADDED ENTRY--TOPICAL TERM
Topical term or geographic name entry element Organizational learning.
700 ## - ADDED ENTRY--PERSONAL NAME
Personal name Mackey, David.
991 ## -
-- VIRTUA40
991 ## -
-- VTLSSORT0080*0200*0500*0820*1000*2450*2500*2600*3000*5040*5041*6500*6501*7000*9992
909 ## -
-- 2170
Holdings
Withdrawn status Lost status Damaged status Not for loan Home library Current library Date acquired Total checkouts Full call number Barcode Copy number Koha item type
        Indian Institute Of Management, Shillong Indian Institute Of Management, Shillong 22/02/2010   658.3124 THO [ Shelf 50 ] 0007707   Reference
        Indian Institute Of Management, Shillong Indian Institute Of Management, Shillong 22/02/2010   658.3124 THO [ Shelf 50 ] 0007708 1 Book
Copyright © 2026 Indian Institute of Management Shillong. All Rights Reserved.